Implementación de monitoreo de los sistemas SR-500 por Internet mediante equipo ETS4P
Պահպանված է:
| Հիմնական հեղինակ: | |
|---|---|
| Ձևաչափ: | Գիրք |
| Հրապարակվել է: |
[San José, Costa Rica]
2001
|
| Խորագրեր: | |
| Ցուցիչներ: |
Ավելացրեք ցուցիչ
Չկան պիտակներ, Եղեք առաջինը, ով նշում է այս գրառումը!
|
MARC
| LEADER | 00000nam a2200000Ia 4500 | ||
|---|---|---|---|
| 003 | 009105 | ||
| 005 | 20221231144150.0 | ||
| 008 | 140114s2001 cr a m 000 ||s d | ||
| 040 | |c cru CEDI | ||
| 090 | |a TFG 4654 | ||
| 100 | |a Wattson Gómez, Luis Diego |9 5673 | ||
| 245 | |a Implementación de monitoreo de los sistemas SR-500 por Internet mediante equipo ETS4P | ||
| 260 | |c 2001 |a [San José, Costa Rica] | ||
| 300 | |a x, 76 hojas : ilustraciones | ||
| 500 | |a Proyecto de graduación (bachillerato en ingeniería eléctrica)--Universidad de Costa Rica. Facultad de Ingeniería. Escuela de Ingeniería Eléctrica | ||
| 650 | |x DISPOSITIVOS PARA COMPUTADORAS |x SISTEMAS DE TRANSMISION DE DATOS |x REDES DE COMPUTADORAS |x CONTROL REMOTO |x INTERFASES CON EL USUARIO (SISTEMA PARA COMPUTADORA) |9 7115 | ||
| 942 | |c TFG | ||
| 999 | |c 17824 |d 17824 | ||
